| 000 | 00898nam a22002417a 4500 | ||
|---|---|---|---|
| 999 |
_c506 _d506 |
||
| 003 | AR-CdUCM | ||
| 008 | 190223b ||||| |||| 00| 0 spa d | ||
| 040 |
_aMUNICIPALIDAD PROVINCIAL DEL CUSCO _cBIBLIOTECA MUNICIPAL DEL CUSCO |
||
| 041 | _heng | ||
| 082 |
_a810 / _bB84 |
||
| 100 |
_aBrooks, Van Wyck _91965 |
||
| 245 |
_aEl escritor en los Estados Unidos / _cBrooks, Van Wyck ; Parés, Nuria ( traductor ) |
||
| 260 |
_aNew York : _bAvon books, _c1953. |
||
| 300 |
_a198 paginas ; _c24cm. |
||
| 505 | _aSobre cierta critica -- Autores y descubridores -- Mas alla de la Adolescencia -- Un Nacionalismo trascendente -- La generación silenciosa... | ||
| 650 |
_aPoetas _91966 |
||
| 650 |
_aNovelistas y Criticos _91967 |
||
| 650 |
_aEl culto de la juventud _91968 |
||
| 650 |
_aLetras Norteamericanas _91969 |
||
| 700 |
_aParés, Nuria _91970 |
||
| 942 |
_2ddc _cLIBROS |
||
| 945 |
_apjha _d2019-02-23 |
||